000 00789aaa a2200241 4500
001 14591
003 HDC
007 cr bn ---aaaaa
008 210215p2001 o 0o0 0 m eng
040 _aHDC
245 0 _aUKROFS STANDARDS FOR ORGANIC FOOD PRODUCTION
260 _a[no place] :
_bUnited Kingdom Register of Organic Food Standards,
_c2001
300 _a109 pages
336 _atext
_2rdacontent
337 _acomputer
_2rdamedia
338 _aonline resource
_2rdacarrier
650 _aLivestock
_92405
650 _aOrganic food
_915093
856 _zRequest full-text at [email protected]
942 _2lcc
942 _cEBOOK
942 _kEBOK 000985
999 _c11907
_d11907